000 00761cab a2200241 4500
001 ABS59592
008 090401t1998 xxu||||| |||| 00| 0 eng d
035 _a(Sirsi) u89860
041 _aeng
100 _aMeara, C.
245 _aCover yourself in glory
260 _c1998
350 _a0
490 _aBuilding
_v263(8065) 20 November 1998, 61(1)
520 _aConsiders professional indemnity insurance in relation to design and build contracts. Discusses issues such as the amount of cover and insurers` restrictions.
650 _aCLAIMS
650 _aCOVER
650 _aDESIGN AND BUILD CONTRACTS
650 _aPROFESSIONAL INDEMNITY INSURANCE
690 _aBUILT ENVIRONMENT-BUILDING CONTRACT FORMS
942 _n0
948 _c20/11/1998
999 _c56888
_d56888